000 00797nam a2200181 a 4500
001 000030011
005 20220321134734.0
008 110428s1977 000 spa d
040 _aDO-SdBNP
_bspa
_cBNPHU
082 _axxxx
_bN532
110 2 _aNew York City Ballet
_956728
245 1 3 _aEl New York City Ballet y la Orquesta Sinfónica Nacional.
260 _aSanto Domingo :
_bAsociación Dominicana de Rehabilitación,
_c1977.
300 _a[10 p.] ;
_c22 cm.
500 _aPresentación del New York City Ballet y la Orquesta Sinfónica Nacional en el Teatro Nacional los día 16-19 de marzo de 1977 en Santo Domingo, República Dominicana
710 2 _aOrquesta Sinfonica Nacional (Santo Domingo, República Dominicana)
_956729
710 2 _aAsociación Dominicana de Rehabilitación
_932063
999 _c29503
_d29503